Antologia lírica / J. M. López-Picó ; pròleg de Carles Riba ; epíleg d'A. Esclasans
Descripción Física:
323 p. ; 22 cm
MARC
| LEADER | 00000nam a2200000Ia 4500 | ||
|---|---|---|---|
| 001 | 812 | ||
| 008 | 160829s1931 xx 000 0 cat d | ||
| 080 | |a L-1-98 | ||
| 100 | 1 | |a López-Picó, Josep Maria, |d 1886-1959 |9 27474 | |
| 245 | |a Antologia lírica / J. M. López-Picó ; pròleg de Carles Riba ; epíleg d'A. Esclasans | ||
| 260 | |a Barcelona : |b (Imp. Altés), |c 1931 | ||
| 300 | |a 323 p. ; |c 22 cm | ||
| 590 | |a Exemplar numerat amb el núm. 53 i dedicat a la Generalitat de Catalunya | ||
| 700 | 1 | |a Riba, Carles |d 1893-1959 |e autor del pròleg |9 27494 | |
| 700 | |a Esclasans, Agustí |9 27476 | ||
| 901 | |a Arxiu | ||
| 942 | |n 1 |2 udc | ||
| 952 | |0 0 |1 0 |4 0 |6 L198 |7 1 |9 44404 |a Arxiu |b Arxiu |d 2016-12-01 |l 0 |o L-1-98 |p 812 |r 2016-12-01 00:00:00 |w 2016-12-01 |y ARXIU | ||
| 999 | |c 46985 |d 46985 | ||